| 000 | 00773cab a2200229 4500 | ||
|---|---|---|---|
| 001 | ABS43155 | ||
| 008 | 090401t1990 xxu||||| |||| 00| 0 eng d | ||
| 035 | _a(Sirsi) u40593 | ||
| 041 | _aeng | ||
| 100 | _aPowell-Smith, V. | ||
| 245 | _aRestitution and tender preparation | ||
| 260 | _c1990 | ||
| 350 | _a0 | ||
| 490 |
_aContract Journal _v356 (5780) 26 July 1990, 8 (1) |
||
| 520 | _aThe author discusses the law of restitution in relation to contractors who pay out in preparation and don`t win the contract. Refers to Marston Construction Co Ltd v Kigass Ltd decision (1989). | ||
| 650 | _aLETTER OF INTENT | ||
| 650 | _aPAYMENT | ||
| 650 | _aTENDER PREPARATION | ||
| 690 | _aBUILT ENVIRONMENT-BUILDING CONTRACT FORMS | ||
| 942 | _n0 | ||
| 948 | _c04/03/1997 | ||
| 999 |
_c26008 _d26008 |
||